Statistics for Vegetables A-G

Click here to take the quiz!

General Stats

  • This quiz has been taken 40 times
  • The average score is 11 of 16

Answer Stats

Answer% Correct
Broccoli
94%
Carrot
94%
Cauliflower
92%
Eggplant
92%
Ginger
92%
Asparagus
89%
Cucumber
89%
Artichoke
83%
Garlic
83%
Brussels Sprouts
78%
Celery
75%
Beetroot
53%
Chili Pepper
39%
Cabbage
36%
Capsicum
19%
Celeriac
19%

Score Distribution

Percentile by Number Answered

Percent of People with Each Score

Your Score History

You have not taken this quiz